| 000 | 00721nam a22002177a 4500 | ||
|---|---|---|---|
| 005 | 20160601105529.0 | ||
| 010 | _aENG-115129 | ||
| 020 |
_a9788120352001 _c395.00 |
||
| 035 | _aEN-98661 | ||
| 037 | _bDBAD/PUB | ||
| 082 | _a004.165 | ||
| 100 | _aDiogenes, Yuri | ||
| 245 |
_aEnterprise mobility from app management to threat mitigation : _cby Yuri Diogenes, Jeff Gilbert [and] Robert Mazzoli _bbeyond byod |
||
| 260 |
_aDelhi _bPHI Learning _c2016 |
||
| 270 |
_aRimjhim House, 111, Patparganj Industrial Estate _bDelhi _e110092 |
||
| 300 |
_axv,194p. : _c24cm(pbk) _bill. |
||
| 500 | _aIncludes index | ||
| 700 | _aGilbert, Jeff | ||
| 700 | _aMazzoli, Robert | ||
| 942 |
_2ddc _cEN _mDIO _h004.165 |
||
| 999 |
_c100037 _d100037 |
||